Statistics for Phrases by Letter - F

Click here to take the quiz!

General Stats

  • This quiz has been taken 6 times
  • The average score is 6 of 17

Answer Stats

HintPhrase% Correct
Famous first line of a rhyme generally said by a giant, monster, or villain.Fee fi fo fum
83%
To accept what is true, especially when it is undesirable.Face the facts
67%
The doctrine that whoever finds something is allowed to keep it.Finders keepers
67%
Anything reputed to have the power to restore health and vitality or to restore a youthful appearance.Fountain of youth
67%
To accept or confront the unpleasant consequences of one's actions.Face the music
50%
Sleeping, in a deep sleep.Fast asleep
50%
Often requiring a retaking of the course or academic year.Flunk out
50%
The boundary between the fiction and the audience.Fourth wall
50%
Getting angry for a small little thing.Fly off the handle
33%
Absolve completely for a past wrongdoing; pardon with neither resentment nor a view to retribution.Forgive and forget
33%
To confront an unpleasant situation.Face up to
17%
A rich person who enjoys a privileged status in society.Fat cat
17%
Visually pleasing sight.Feast for the eyes
17%
To discover oneself to be in a particular place.Find oneself
17%
That which is considered of a high quality, expensive or tasteful.Finer things
0%
Fire when ready.Fire at will
0%
A small disturbance or irritation which can spoil ones pleasure and excitement.Fly in the ointment
0%

Score Distribution

Percentile by Number Answered

Percent of People with Each Score

Your Score History

You have not taken this quiz